Statistiques concernant Minéraux et pierres précieuses

Cliquez ici pour prendre le quiz!

Statistiques générales

  • Ce quiz a été pris 103 fois
    (97 depuis la dernière actualisation)
  • Le résultat moyen est 7 sur 28

Statistiques - réponses

Réponse% Correct
Améthyste
77%
Or
71%
Quartz
69%
Émeraude
57%
Rubis
55%
Lapis-lazuli
47%
Soufre
43%
Grenat almandin
34%
Diamant
31%
Saphir
29%
Pyrite
19%
Topaze
19%
Jaspe rouge
17%
Calcite
16%
Azurite
14%
Halite
14%
Hématite
13%
Fluorine
10%
Galène
10%
Malachite
10%
Argent natif
9%
Magnétite
9%
Chalcopyrite
8%
Gypse
6%
Mercure natif
5%
Zircon
4%
Cristobalite
1%
Forstérite
0%

Distribution des résultats

Percentile par nombre de réponses

% des personnes avec chaque résultat

Votre développement - résultats

Vous n’avez pas pris ce quiz depuis la dernière actualisation